| 000 | 00881nam a2200241Ia 4500 | ||
|---|---|---|---|
| 003 | GCL | ||
| 008 | 140319s9999 xx 000 0 ara d | ||
| 020 | _a2405567995 | ||
| 040 |
_aGCL / _cGCL |
||
| 082 | 0 | 4 |
_a618.92 _bب ت |
| 100 | 1 | _aبرازلتون، ت . برى | |
| 245 | 1 | 0 |
_aتهدثة الطفل الانفعالى على طريقة برازلتون : _bCALMING YOUR FUSSY BABY - THE BRAZELTON WAY / _cبرازلتون، ت . برى |
| 700 | 1 | _aسبارو، جشوا د . | |
| 700 | 1 | _aبان طارق الكيلانى | |
| 250 | _aالاولى | ||
| 260 |
_aبيروت : _bالحوار الثقافى ، _c2005 |
||
| 300 |
_a142 ص ؛ _c16 سم |
||
| 650 | 0 | 4 | _aطب الاطفال |
| 650 | 0 | 4 | _aالاطفال - العناية الصحية |
| 650 | 0 | 4 | _aالاطفال - رعاية |
| 650 | 0 | 4 | _aالاطفال - امراض - علم نفس |
| 942 |
_2ddc _cBK |
||
| 999 |
_c7905 _d7905 |
||